MARC
| LEADER | 00000nam a22000007a 4500 | ||
|---|---|---|---|
| 001 | 153 | ||
| 003 | cru CIDCACS/IIS | ||
| 005 | 20190903134932.0 | ||
| 007 | ta | ||
| 008 | 190903n |||||r||||||0| ||spa|d | ||
| 999 | |c 42310 |d 42310 | ||
| 040 | |a cru CIDCACS/IIS |c cru CIDCACS/IIS | ||
| 090 | 0 | 4 | |a REV1582 |
| 110 | 2 | |9 8498 |a Centro de Estudios Pastoral y Asistencia Migratoria (CEPAM) | |
| 245 | 1 | |a Acontecer Migratorio / |c Centro de Estudios Pastoral y Asistencia Migratoria | |
| 260 | |a s.l.: |b CEPAM | ||
| 942 | |2 ddc |c PP | ||
